00627nam a2200169 a 4500008004100000050002200041100001700063245011700080260004000197350000900237650003500246650003400281650005200315650002700367650004400394700001900438120416s2001 ||||||||||||||||| || u aHG 3881.5.W57 Glo aMody, Ashoka10aGlobal public policies and programs: implications for financing and evaluationcedited by Christopher D. Gerrard aWashington, D. C.bWorld Bankc2001 a0.00 aTECHNICAL ASSISTANCE--PLANNING aECONOMIC ASSISTANCE--PLANNING 0aENVIRONMENTAL POLICY--INTERNATIONAL COOPERATION aWORLD BANK--CONGRESSES aINTERNATIONAL MONETARY FUND--CONGRESSES aFerroni, Marco